| 000 | 00595nam a2200241Ia 4500 | ||
|---|---|---|---|
| 003 | 0100 | ||
| 008 | 130303s9999 xx 000 0 und d | ||
| 020 | _a809129450 | ||
| 040 | _cARRUPELIB | ||
| 050 | _aBX2200.O771988 | ||
| 100 | _aOsborne, Kenan B | ||
| 245 | _aSacramental theology | ||
| 245 | _ba general introduction | ||
| 260 | _aNew York | ||
| 260 | _bPaulist Press | ||
| 260 | _C1988 | ||
| 300 | _aiii | ||
| 300 | _b 154p. 21cm. | ||
| 650 | _bTheology - Dictionaries | ||
| 650 | _cCatholic church - Doctrines - Dictionaries | ||
| 700 | _aKenan B. Osborne | ||
| 942 | 0 | 0 | _02 |
| 999 |
_c10914 _d10914 |
||